| 000 | 00388nam a2200109Ia 4500 | ||
|---|---|---|---|
| 008 | 171204s9999 xx 000 0 und d | ||
| 245 | _aNeuropsychology: A Review Of Science And Practice: | ||
| 245 | _cBernice Marcopulos, Joel Morgan, Manfred F. Greiffenstein, and Sandra Koffler | ||
| 260 | _c2014 | ||
| 650 | _xNEURO PSYCHOLOGY | ||
| 856 | _uhttp://down.ebook777.com/004/9780190215576.pdf | ||
| 999 |
_c346449 _d346449 |
||